| 000 | 00372 a2200121 4500 | ||
|---|---|---|---|
| 001 | ART_10611 | ||
| 005 | 20260410161830.0 | ||
| 008 | 260409a | ||
| 245 | 1 | 0 | _aEl sector minero en la provincia de Córdoba |
| 100 | 1 | _aValquez, Carlos S. | |
| 700 | 1 | _aPerona, B. Eugenia | |
| 773 | 0 |
_tActualidad Económica _g- Año V, Nº 29 (nov./dic. 1995) _wREV5083 |
|
| 999 |
_c23166 _d23166 |
||